000
00322nam a2200145Ia 4500
008
241014s9999||||xx |||||||||||||| ||und||
020
_a
_
060
_a
HF562W
100
_a
Warren, Carl S.
245
0
_a
Accounting
250
_a
22nd Edition
260
_b
MC Graw- Hill
650
_a
Accounting
942
_b
IBHM
_c
BK
999
_c
15916
_d
15916